La Liga 2020-21 First XI - Statistics

General Stats
  • This quiz has been taken 135 times
  • The average score is 84 of 220
Answer Stats
Team Position Player % Correct
Real Madrid DF Sergio Ramos
98%
Real Madrid MF Luka Modrić
97%
Real Madrid DF Raphaël Varane
97%
Real Madrid MF Toni Kroos
97%
Atlético Madrid GK Jan Oblak
94%
Real Madrid FW Karim Benzema
94%
Barcelona FW Lionel Messi
94%
Real Madrid MF Martin Ødegaard
94%
Real Madrid GK Thibaut Courtois
94%
Real Madrid FW Vinícius Júnior
94%
Real Madrid DF Ferland Mendy
92%
Barcelona DF Gerard Piqué
92%
Atlético Madrid FW João Félix
92%
Barcelona DF Jordi Alba
92%
Real Madrid FW Rodrygo
92%
Real Madrid DF Dani Carvajal
91%
Barcelona MF Sergio Busquets
91%
Barcelona MF Frenkie de Jong
90%
Barcelona FW Antoine Griezmann
88%
Atlético Madrid DF Kieran Trippier
88%
Atlético Madrid DF Stefan Savić
88%
Atlético Madrid MF Koke
86%
Barcelona DF Clément Lenglet
85%
Atlético Madrid MF Yannick Carrasco
83%
Real Betis GK Claudio Bravo
80%
Barcelona GK Neto
78%
Levante DF Róber Pier
78%
Celta Vigo FW Emre Mor
77%
Barcelona DF Sergi Roberto
77%
Atlético Madrid MF Saúl
75%
Sevilla GK Yassine Bounou
75%
Real Sociedad FW Alexander Isak
74%
Atlético Madrid DF Felipe
74%
Valencia MF Geoffrey Kondogbia
73%
Sevilla MF Ivan Rakitić
73%
Atlético Madrid DF Renan Lodi
73%
Sevilla MF Óliver Torres
70%
Villarreal DF Pau Torres
70%
Barcelona FW Ansu Fati
69%
Real Betis MF Nabil Fekir
69%
Osasuna MF Roberto Torres
69%
Valencia FW Maxi Gómez
68%
Villarreal MF Moi Gómez
68%
Villarreal FW Gerard Moreno
67%
Barcelona MF Philippe Coutinho
67%
Sevilla DF Sergi Gómez
67%
Athletic Bilbao GK Unai Simón
67%
Sevilla FW Youssef En-Nesyri
67%
Real Betis DF Álex Moreno
66%
Granada GK Rui Silva
66%
Getafe DF Damián Suárez
65%
Celta Vigo FW Iago Aspas
64%
Villarreal MF Dani Parejo
63%
Atlético Madrid MF Ángel Correa
60%
Valencia DF Daniel Wass
60%
Sevilla DF Jesús Navas
60%
Sevilla FW Lucas Ocampos
59%
Eibar DF Rober Correa
59%
Sevilla DF Diego Carlos
58%
Valencia MF Gonçalo Guedes
58%
Athletic Bilbao DF Iñigo Martínez
58%
Atlético Madrid FW Diego Costa
57%
Villarreal MF Francis Coquelin
57%
Huesca MF Juan Carlos
57%
Real Sociedad MF Mikel Merino
57%
Sevilla MF Nemanja Gudelj
57%
Sevilla DF Marcos Acuña
56%
Valladolid DF Joaquín Fernández
53%
Valencia DF José Gayà
53%
Valencia FW Lee Kang-in
53%
Real Betis MF William Carvalho
53%
Real Betis MF Guido Rodríguez
52%
Real Betis DF Aïssa Mandi
51%
Athletic Bilbao MF Dani García
51%
Osasuna DF David García
51%
Getafe DF Djené Dakonam
51%
Athletic Bilbao FW Raúl García
51%
Osasuna FW Rubén García
51%
Real Sociedad DF Diego Llorente
50%
Real Betis FW Borja Iglesias
49%
Sevilla FW Suso
49%
Levante GK Aitor Fernández
48%
Huesca GK Andrés Fernández
48%
Villarreal DF Raúl Albiol
48%
Villarreal MF Samuel Chukwueze
47%
Villarreal GK Sergio Asenjo
47%
Athletic Bilbao MF Iker Muniain
44%
Osasuna GK Sergio Herrera
44%
Granada MF Yangel Herrera
44%
Real Sociedad GK Álex Remiro
42%
Valencia DF Gabriel Paulista
42%
Athletic Bilbao DF Yeray Álvarez
42%
Osasuna FW Adrián López
40%
Real Sociedad MF Roberto López
40%
Getafe FW Cucho Hernández
39%
Getafe GK David Soria
39%
Eibar GK Marko Dmitrović
39%
Cádiz MF Salvi Sánchez
39%
Granada DF Germán Sánchez
38%
Athletic Bilbao MF Óscar de Marcos
36%
Huesca FW Rafa Mir
35%
Real Betis DF Emerson
34%
Levante MF Enis Bardhi
34%
Granada DF Domingos Duarte
33%
Levante DF Óscar Duarte
33%
Alavés DF Rubén Duarte
33%
Real Betis MF Sergio Canales
33%
Osasuna MF Iñigo Pérez
32%
Real Betis MF Joaquín
32%
Levante FW José Luis Morales
32%
Alavés FW Lucas Pérez
32%
Celta Vigo MF Renato Tapia
32%
Celta Vigo DF Joseph Aidoo
31%
Real Betis DF Marc Bartra
31%
Celta Vigo MF Brais Méndez
30%
Alavés GK Fernando Pacheco
30%
Getafe MF Mauro Arambarri
30%
Getafe DF Mathías Olivera
28%
Getafe MF Nemanja Maksimović
28%
Eibar MF Takashi Inui
28%
Villarreal DF Alfonso Pedraza
27%
Real Sociedad MF Igor Zubeldia
26%
Valladolid DF Nacho
26%
Celta Vigo DF Néstor Araujo
26%
Granada MF Darwin Machís
24%
Valencia GK Jaume Doménech
24%
Athletic Bilbao DF Ander Capa
23%
Valladolid DF Bruno González
23%
Celta Vigo MF Okay Yokuşlu
23%
Villarreal FW Paco Alcácer
23%
Real Sociedad FW Portu
23%
Eibar DF Sergio Álvarez
23%
Cádiz MF Sergio González
23%
Granada DF Dimitri Foulquier
22%
Valencia DF Eliaquim Mangala
22%
Valladolid GK Jordi Masip
22%
Cádiz FW Álvaro Negredo
20%
Real Sociedad DF Aritz Elustondo
20%
Getafe FW Jaime Mata
20%
Alavés FW Joselu
20%
Granada FW Roberto Soldado
20%
Huesca FW Shinji Okazaki
20%
Huesca MF Mikel Rico
19%
Getafe MF Allan Nyom
18%
Athletic Bilbao MF Mikel Vesga
18%
Eibar DF Paulo Oliveira
18%
Villarreal DF Rubén Peña
18%
Celta Vigo DF Hugo Mallo
17%
Cádiz MF José Mari
17%
Athletic Bilbao DF Mikel Balenziaga
17%
Eibar MF Pape Diop
17%
Real Sociedad FW Ander Barrenetxea
16%
Valladolid FW Fabián Orellana
16%
Cádiz DF Pacha Espino
16%
Elche MF Raúl Guti
16%
Cádiz GK David Gil
15%
Elche GK Édgar Badía
15%
Getafe MF Marc Cucurella
15%
Alavés DF Rodrigo Ely
15%
Osasuna DF Nacho Vidal
14%
Celta Vigo FW Nolito
14%
Eibar MF Pedro León
14%
Levante FW Sergio León
14%
Valencia MF Yunus Musah
14%
Granada MF Luis Milla
13%
Elche FW Pere Milla
13%
Real Sociedad DF Aihen Muñoz
11%
Real Sociedad DF Andoni Gorosabel
11%
Levante MF José Campaña
11%
Alavés DF Víctor Laguardia
11%
Cádiz DF Juan Cala
10%
Osasuna MF Jon Moncayola
9%
Celta Vigo DF Lucas Olaza
9%
Levante MF Nemanja Radoja
9%
Eibar FW Sergi Enrich
9%
Alavés MF Tomás Pina
9%
Granada MF Antonio Puertas
8%
Levante DF Carlos Clerc
8%
Levante MF Gonzalo Melero
8%
Celta Vigo GK Iván Villar
8%
Huesca DF Jorge Pulido
8%
Valladolid MF Óscar Plano
8%
Alavés MF Pere Pons
8%
Alavés MF Rodrigo Battaglia
8%
Valladolid FW Sergi Guardiola
8%
Granada MF Ángel Montoro
7%
Osasuna DF Aridane
7%
Eibar MF Edu Expósito
7%
Huesca DF Javi Galán
7%
Osasuna DF Juan Cruz
7%
Eibar FW Kike
7%
Eibar DF Pedro Bigas
7%
Getafe DF Xabier Etxeita
7%
Granada DF Carlos Neva
6%
Valladolid MF Fede San Emeterio
6%
Alavés MF Luis Rioja
6%
Huesca DF Pablo Maffeo
6%
Elche DF Dani Calvo
5%
Cádiz DF Iza Carcelén
5%
Levante DF Jorge Miramón
5%
Valladolid MF Míchel
5%
Osasuna MF Oier
5%
Huesca FW David Ferreiro
3%
Elche DF Fidel
3%
Elche DF Gonzalo Verdú
3%
Cádiz MF Jorge Pombo
3%
Elche MF Josan
3%
Huesca DF Pablo Insua
3%
Huesca MF Pedro Mosquera
3%
Valencia MF Vicente Esquerdo
3%
Cádiz FW Yann Bodiger
3%
Elche DF Cifu
2%
Alavés MF Édgar
2%
Valladolid DF Javi Moyano
2%
Athletic Bilbao MF Jon Morcillo
2%
Elche DF Josema
2%
Cádiz DF Marcos Mauro
2%
Elche MF Omenuke Mfulu
2%
Elche MF Tete Morente
2%
Valladolid MF Waldo Rubio
2%
No matching quizzes found
Score Distribution
Percent of People with Each Score
Percentile by Number Answered
Your Score History
You have not taken this quiz